<?xml version="1.0" encoding="UTF-8"?><record xmlns="http://www.loc.gov/MARC21/slim" xmlns:zs="http://docs.oasis-open.org/ns/search-ws/sruResponse">
  <leader>01461cem a2200409   4500</leader>
  <controlfield tag="001">5422621</controlfield>
  <controlfield tag="005">20250607183051.8</controlfield>
  <controlfield tag="007">ay|canzn</controlfield>
  <controlfield tag="007">cr||||</controlfield>
  <controlfield tag="008">750618s1884    mdu       a     0   eng  </controlfield>
  <datafield ind1=" " ind2=" " tag="035">
    <subfield code="a">5422621</subfield>
  </datafield>
  <datafield ind1=" " ind2=" " tag="906">
    <subfield code="a">7</subfield>
    <subfield code="b">cbc</subfield>
    <subfield code="c">orignew</subfield>
    <subfield code="d">u</subfield>
    <subfield code="e">ncip</subfield>
    <subfield code="f">19</subfield>
    <subfield code="g">n-geogmaps</subfield>
  </datafield>
  <datafield ind1=" " ind2=" " tag="010">
    <subfield code="a">   75693178 </subfield>
  </datafield>
  <datafield ind1=" " ind2=" " tag="035">
    <subfield code="9">(DLC)   75693178</subfield>
  </datafield>
  <datafield ind1=" " ind2=" " tag="040">
    <subfield code="a">DLC</subfield>
    <subfield code="c">DLC</subfield>
    <subfield code="d">DLC</subfield>
  </datafield>
  <datafield ind1="0" ind2="0" tag="050">
    <subfield code="a">G3851.A3 1884</subfield>
    <subfield code="b">.S3</subfield>
    <subfield code="u">Vault Oversize</subfield>
  </datafield>
  <datafield ind1=" " ind2=" " tag="052">
    <subfield code="a">3851</subfield>
  </datafield>
  <datafield ind1="1" ind2=" " tag="100">
    <subfield code="a">Sachse, Adolph.</subfield>
  </datafield>
  <datafield ind1="1" ind2="4" tag="245">
    <subfield code="a">The national capital, Washington, D.C.</subfield>
    <subfield code="b">Sketched from nature by Adolph Sachse, 1883-1884.</subfield>
  </datafield>
  <datafield ind1=" " ind2=" " tag="260">
    <subfield code="a">Balti[more]</subfield>
    <subfield code="b">A. Sachse &amp; Co.,</subfield>
    <subfield code="c">1884.</subfield>
  </datafield>
  <datafield ind1=" " ind2=" " tag="300">
    <subfield code="a">col. map</subfield>
    <subfield code="c">108 x 165 cm.</subfield>
  </datafield>
  <datafield ind1=" " ind2=" " tag="500">
    <subfield code="a">Bird's-eye view.</subfield>
  </datafield>
  <datafield ind1=" " ind2=" " tag="500">
    <subfield code="a">Includes illus., text, and advertisements.</subfield>
  </datafield>
  <datafield ind1=" " ind2=" " tag="507">
    <subfield code="b">Perspective map not drawn to scale.</subfield>
  </datafield>
  <datafield ind1="4" ind2=" " tag="510">
    <subfield code="a">LC Panoramic maps (2nd ed.),</subfield>
    <subfield code="c">110</subfield>
  </datafield>
  <datafield ind1=" " ind2=" " tag="530">
    <subfield code="a">Available also through the Library of Congress Web site as a raster image.</subfield>
  </datafield>
  <datafield ind1=" " ind2="0" tag="651">
    <subfield code="a">Washington (D.C.)</subfield>
    <subfield code="v">Aerial views.</subfield>
  </datafield>
  <datafield ind1="2" ind2=" " tag="710">
    <subfield code="a">A. Sachse &amp; Co.</subfield>
  </datafield>
  <datafield ind1=" " ind2=" " tag="752">
    <subfield code="a">United States</subfield>
    <subfield code="b">District of Columbia</subfield>
    <subfield code="d">Washington.</subfield>
  </datafield>
  <datafield ind1="0" ind2=" " tag="852">
    <subfield code="a">Library of Congress</subfield>
    <subfield code="b">Geography and Map Division</subfield>
    <subfield code="e">Washington, D.C. 20540-4650 USA</subfield>
    <subfield code="n">dcu</subfield>
  </datafield>
  <datafield ind1="4" ind2="1" tag="856">
    <subfield code="d">g3851a</subfield>
    <subfield code="f">pm001100</subfield>
    <subfield code="u">http://hdl.loc.gov/loc.gmd/g3851a.pm001100</subfield>
    <subfield code="q">c</subfield>
  </datafield>
  <datafield ind1=" " ind2=" " tag="952">
    <subfield code="a">Vault</subfield>
  </datafield>
  <datafield ind1=" " ind2=" " tag="952">
    <subfield code="a">DCP</subfield>
  </datafield>
  <datafield ind1=" " ind2=" " tag="952">
    <subfield code="a">AACR2</subfield>
  </datafield>
  <datafield ind1=" " ind2=" " tag="985">
    <subfield code="a">GMD/PMMAP</subfield>
    <subfield code="e">ammem</subfield>
  </datafield>
  <datafield ind1=" " ind2=" " tag="985">
    <subfield code="a">GMD/CITYMAP</subfield>
    <subfield code="e">ammem</subfield>
  </datafield>
  <datafield ind1=" " ind2=" " tag="991">
    <subfield code="b">c-G&amp;M</subfield>
    <subfield code="h">G3851.A3 1884</subfield>
    <subfield code="i">.S3</subfield>
    <subfield code="t">Copy 1</subfield>
    <subfield code="m">Vault Oversize</subfield>
    <subfield code="w">MAPS</subfield>
  </datafield>
</record>
